[Event "Nis Svetosavski op 4th"]
[Site "Nis"]
[Date "2014.02.23"]
[Round "4"]
[White "Stankovic, Dimitrije"]
[Black "Stojadinovic, Tomislav"]
[Result "1/2-1/2"]
[WhiteElo "1498"]
[BlackElo "1863"]
[PlyCount "74"]
[EventDate "2014.02.21"]
[EventType "swiss"]
[EventRounds "5"]
[EventCountry "SRB"]
[SourceTitle "CBM 159 Extra"]
[Source "ChessBase"]
[SourceDate "2014.04.24"]
[SourceVersion "1"]
[SourceVersionDate "2014.04.24"]
[SourceQuality "1"]

1. e4 e5 2. Nf3 Nc6 3. Bb5 a6 4. Ba4 Nf6 5. 0-0 b5 6. Bb3 Be7 7. d4 d6 8. dxe5 Nxe5 9. Nxe5 dxe5 10. Qxd8+ Bxd8 11. Nc3 Bb7 12. Re1 c5 13. Bd5 Nxd5 14. Nxd5 0-0 15. b3 Re8 16. Bb2 f6 17. c4 b4 18. a3 a5 19. axb4 axb4 20. f3 Kf7 21. Ne3 g6 22. Nd5 Bxd5 23. cxd5 Bb6 24. Kf1 Ke7 25. Ke2 Bc7 26. Kd3 h5 27. h3 g5 28. Kc4 Kd6 29. Rxa8 Rxa8 30. Ra1 Rb8 31. Ra6+ Ke7 32. Kxc5 Bd8 33. d6+ Ke6 34. Bc1 Rc8+ 35. Rc6 Ra8 36. Bd2 Ra2 37. Bxb4 Rxg2 1/2-1/2

[Event "Nis Svetosavski op 4th"]
[Site "Nis"]
[Date "2014.02.21"]
[Round "1"]
[White "Stojadinovic, Tomislav"]
[Black "Todorovic, Nenad I"]
[Result "0-1"]
[WhiteElo "1863"]
[BlackElo "2121"]
[PlyCount "64"]
[EventDate "2014.02.21"]
[EventType "swiss"]
[EventRounds "5"]
[EventCountry "SRB"]
[SourceTitle "CBM 159 Extra"]
[Source "ChessBase"]
[SourceDate "2014.04.24"]
[SourceVersion "1"]
[SourceVersionDate "2014.04.24"]
[SourceQuality "1"]

1. d4 Nf6 2. c4 e6 3. g3 d5 4. Bg2 Be7 5. Nf3 0-0 6. b3 dxc4 7. bxc4 c5 8. 0-0 Nc6 9. e3 cxd4 10. exd4 Na5 11. Qe2 Qc7 12. Na3 b6 13. Bf4 Qd8 14. Nb5 Bb7 15. Rfd1 a6 16. Nc3 Rc8 17. Ne5 Bxg2 18. Kxg2 Nxc4 19. Nxc4 b5 20. Ne5 Rxc3 21. a4 Qa8+ 22. Nf3 b4 23. Rd3 Rfc8 24. Rxc3 Rxc3 25. Bd2 Rc2 26. Kg1 Qe4 27. Qxe4 Nxe4 28. Be3 Nc3 29. Kf1 b3 30. Bd2 b2 31. Re1 b1Q 32. Bxc3 Rc1 0-1

[Event "Nis Art Faculty op"]
[Site "Nis"]
[Date "2013.08.05"]
[Round "4"]
[White "Stojadinovic, Tomislav"]
[Black "Andjelkovic, Danijela"]
[Result "1-0"]
[WhiteElo "1855"]
[BlackElo "970"]
[PlyCount "121"]
[EventDate "2013.08.03"]
[EventType "swiss"]
[EventRounds "7"]
[EventCountry "SRB"]
[SourceTitle "EXT 2015"]
[Source "ChessBase"]
[SourceDate "2014.11.20"]
[SourceVersion "1"]
[SourceVersionDate "2014.11.20"]
[SourceQuality "1"]

1. Nf3 Nc6 2. c4 e5 3. Nc3 Nf6 4. g3 a6 5. Bg2 Bc5 6. d3 h6 7. 0-0 0-0 8. e3 d6 9. a3 Ba7 10. b4 Bg4 11. Bb2 Ne7 12. h3 Be6 13. Kh2 c6 14. Qe2 Ng6 15. Rfd1 b6 16. Rac1 c5 17. d4 exd4 18. exd4 cxb4 19. axb4 Re8 20. Qd3 Rb8 21. b5 a5 22. d5 Bd7 23. Ne2 Ne4 24. Neg1 Qc7 25. Nd2 Nxd2 26. Rxd2 Ne5 27. Qc3 f6 28. f4 Nf7 29. Nf3 Bf5 30. Nd4 Be4 31. Ne6 Qb7 32. Bxe4 Rxe6 33. Bh7+ Kxh7 34. dxe6 Nd8 35. Qc2+ Kh8 36. Re1 Qe7 37. Rxd6 Qxd6 38. e7 Ne6 39. f5 Nc7 40. Bc1 Re8 41. Bf4 Qd7 42. Qe4 Kg8 43. Re2 Kf7 44. Bxc7 Rxe7 45. Qxe7+ Qxe7 46. Rxe7+ Kxe7 47. c5 bxc5 48. b6 Bb8 49. Bxb8 Kd7 50. Ba7 Kc6 51. b7 Kxb7 52. Bxc5 a4 53. Bf8 Kc6 54. Bxg7 a3 55. Bxf6 a2 56. Kg2 Kd7 57. Kf3 Ke8 58. Kg4 Kf7 59. Ba1 Kg8 60. Kh5 Kh7 61. g4 1-0

[Event "Nis Art Faculty op"]
[Site "Nis"]
[Date "2013.08.03"]
[Round "1"]
[White "Todorovic, Nenad I"]
[Black "Stojadinovic, Tomislav"]
[Result "1-0"]
[WhiteElo "2146"]
[BlackElo "1855"]
[PlyCount "53"]
[EventDate "2013.08.03"]
[EventType "swiss"]
[EventRounds "7"]
[EventCountry "SRB"]
[SourceTitle "EXT 2015"]
[Source "ChessBase"]
[SourceDate "2014.11.20"]
[SourceVersion "1"]
[SourceVersionDate "2014.11.20"]
[SourceQuality "1"]

1. e4 e5 2. Nf3 Nc6 3. Bb5 a6 4. Ba4 Nf6 5. d4 b5 6. Bb3 Nxe4 7. dxe5 Nc5 8. Bd5 Ne6 9. 0-0 Be7 10. a4 b4 11. c3 a5 12. Nd4 Nexd4 13. cxd4 0-0 14. Be3 Qe8 15. Nd2 Bb7 16. Rc1 Qb8 17. f4 Nd8 18. Bb3 d5 19. f5 f6 20. e6 c6 21. Qh5 Bc8 22. Bc2 c5 23. Rf3 cxd4 24. Rh3 h6 25. Bxh6 Nxe6 26. fxe6 Qe5 27. Bh7+ 1-0

[Event "Nis Svetosavski op 3rd"]
[Site "Nis"]
[Date "2013.03.04"]
[Round "5"]
[White "Stojadinovic, Tomislav"]
[Black "Stamenkovic, Lazar"]
[Result "1-0"]
[WhiteElo "1836"]
[BlackElo "1798"]
[PlyCount "109"]
[EventDate "2013.03.02"]
[EventType "swiss"]
[EventRounds "5"]
[EventCountry "SRB"]
[SourceTitle "CBM 153 Extra"]
[Source "ChessBase"]
[SourceDate "2013.04.22"]
[SourceVersion "1"]
[SourceVersionDate "2013.04.22"]
[SourceQuality "1"]

1. g3 d5 2. Nf3 Nc6 3. d4 Bf5 4. Bg2 e6 5. 0-0 Bd6 6. c4 Nf6 7. Nc3 0-0 8. Nh4 Be4 9. f3 Bg6 10. Nxg6 fxg6 11. e4 dxe4 12. fxe4 Bb4 13. e5 Nd7 14. Be3 Nb6 15. Qb3 a5 16. Bxc6 bxc6 17. a3 Be7 18. Rxf8+ Bxf8 19. Ne4 Rb8 20. Qc2 Qd7 21. Rd1 Rd8 22. Bg5 Be7 23. Bxe7 Qxe7 24. Nc5 Rf8 25. Qe2 Qf7 26. b3 a4 27. Nxa4 Nxa4 28. bxa4 Ra8 29. Rf1 Qe7 30. Qb2 h6 31. Qb7 Rxa4 32. Qc8+ Kh7 33. Rf8 g5 34. Rh8+ Kg6 35. Re8 Qf7 36. Qxe6+ Qxe6 37. Rxe6+ Kf5 38. Rxc6 Rxa3 39. Rxc7 g6 40. Rf7+ Ke4 41. e6 Kxd4 42. Rc7 Re3 43. e7 Re6 44. Kf2 g4 45. Rc6 Rxe7 46. Rxg6 Kxc4 47. Rxg4+ Kd5 48. Kf3 Rf7+ 49. Rf4 Rg7 50. Rf6 Rh7 51. Kg4 Ke5 52. Rb6 h5+ 53. Kh4 Kf5 54. Rb5+ Kf6 55. Rxh5 1-0

[Event "SRB Central-ch op-B 5th"]
[Site "Paracin"]
[Date "2012.07.09"]
[Round "4"]
[White "Stojadinovic, Tomislav"]
[Black "Vasilev, Martin"]
[Result "1/2-1/2"]
[WhiteElo "1896"]
[BlackElo "1596"]
[PlyCount "115"]
[EventDate "2012.07.06"]
[EventType "swiss"]
[EventRounds "9"]
[EventCountry "SRB"]
[SourceTitle "CBM 149 Extra"]
[Source "ChessBase"]
[SourceDate "2012.08.24"]
[SourceVersion "1"]
[SourceVersionDate "2012.08.24"]
[SourceQuality "1"]

1. e4 e5 2. Nf3 d6 3. Bc4 Be7 4. c3 Nf6 5. d3 0-0 6. h3 c6 7. a4 Nbd7 8. 0-0 Qc7 9. Re1 Nb6 10. Ba2 h6 11. a5 Nbd7 12. Nbd2 Kh8 13. Nf1 Qxa5 14. Nh4 Qd8 15. Nf5 Kh7 16. N1g3 Nc5 17. b4 Ne6 18. d4 c5 19. Nxe7 Qxe7 20. d5 Nf4 21. bxc5 dxc5 22. Bb1 Ng6 23. Nf5 Qd8 24. Be3 b6 25. Qd2 Ng8 26. f4 Qf6 27. Rf1 Bxf5 28. fxe5 Nxe5 29. Rxf5 Qe7 30. Qe2 f6 31. Bc2 Qe8 32. Raf1 Ne7 33. R5f2 Rd8 34. Bf4 N7g6 35. Bg3 Nh8 36. Rf5 Nhf7 37. h4 Nd6 38. R5f2 Kg8 39. h5 Qb5 40. Qd1 Qe8 41. Bf4 Nb5 42. Bd2 Qe7 43. Rf5 Nd6 44. R5f2 Nec4 45. Bf4 Rfe8 46. Bd3 Ne5 47. Bc2 Nef7 48. Re1 Qd7 49. Qf3 Ne5 50. Bxe5 fxe5 51. Qg3 Nf7 52. Ref1 Ng5 53. Rf5 Qc7 54. c4 a6 55. Ra1 Ra8 56. Qe3 Nf7 57. Qg3 b5 58. Rf6 1/2-1/2

[Event "Nis op"]
[Site "Nis"]
[Date "2012.03.13"]
[Round "3"]
[White "Djukic, Sandra"]
[Black "Stojadinovic, Tomislav"]
[Result "1-0"]
[WhiteElo "2203"]
[BlackElo "1890"]
[PlyCount "55"]
[EventDate "2012.03.11"]
[EventType "swiss"]
[EventRounds "9"]
[EventCountry "SRB"]
[SourceTitle "CBM 147 Extra"]
[Source "ChessBase"]
[SourceDate "2012.04.24"]
[SourceVersion "1"]
[SourceVersionDate "2012.04.24"]
[SourceQuality "1"]

1. d4 Nf6 2. c4 c5 3. d5 e6 4. Nc3 exd5 5. cxd5 d6 6. e4 g6 7. f4 Bg7 8. Nf3 0-0 9. Be2 Re8 10. e5 dxe5 11. fxe5 Ng4 12. e6 Bxc3+ 13. bxc3 fxe6 14. d6 Bd7 15. Ng5 Ne5 16. 0-0 Rf8 17. Ne4 Rxf1+ 18. Qxf1 Qh4 19. Bf4 Nbc6 20. g3 Qd8 21. Bg5 Qa5 22. Bh6 Qd8 23. Ng5 b5 24. Qf4 Rb8 25. Rf1 c4 26. Nf7 g5 27. Bxg5 Ng6 28. Nh6+ 1-0

[Event "Nis op"]
[Site "Nis"]
[Date "2012.03.12"]
[Round "2"]
[White "Stojadinovic, Tomislav"]
[Black "Velickovski Nejkovic, Maja"]
[Result "0-1"]
[WhiteElo "1890"]
[BlackElo "2184"]
[PlyCount "50"]
[EventDate "2012.03.11"]
[EventType "swiss"]
[EventRounds "9"]
[EventCountry "SRB"]
[SourceTitle "CBM 147 Extra"]
[Source "ChessBase"]
[SourceDate "2012.04.24"]
[SourceVersion "1"]
[SourceVersionDate "2012.04.24"]
[SourceQuality "1"]

1. Nf3 Nf6 2. d4 d6 3. Bg5 Nbd7 4. c4 c6 5. Nc3 Qa5 6. Qc2 e5 7. Bd2 Qc7 8. e4 Be7 9. Rc1 0-0 10. Be2 Re8 11. 0-0 Nf8 12. Qb3 Ne6 13. Nd5 Nxd5 14. cxd5 Nxd4 15. Nxd4 exd4 16. dxc6 bxc6 17. Bf3 Be6 18. Qa4 c5 19. Bf4 Rac8 20. Rfd1 Qb6 21. b3 g5 22. Bd2 g4 23. Be2 Bf6 24. Ba5 Qb7 25. Ba6 Qxa6 0-1

[Event "Nis op"]
[Site "Nis"]
[Date "2011.05.31"]
[Round "7"]
[White "Gagic, Miroljub"]
[Black "Stojadinovic, Tomislav"]
[Result "1-0"]
[WhiteElo "1865"]
[BlackElo "1915"]
[PlyCount "145"]
[EventDate "2011.05.24"]
[EventType "swiss"]
[EventRounds "9"]
[EventCountry "SRB"]
[SourceTitle "CBM 142 Extra"]
[Source "ChessBase"]
[SourceDate "2011.06.27"]
[SourceVersion "1"]
[SourceVersionDate "2011.06.27"]
[SourceQuality "1"]

1. e4 e5 2. Nf3 Nc6 3. Nc3 Bb4 4. Bb5 Nge7 5. d4 exd4 6. Nxd4 0-0 7. 0-0 a6 8. Be2 Bc5 9. Nb3 Ba7 10. Kh1 h6 11. f4 d6 12. f5 f6 13. Rf3 Ne5 14. Rg3 Kh7 15. Bf4 b5 16. Qd2 Nf7 17. Rd1 Bb7 18. Nd4 Bxd4 19. Qxd4 c5 20. Qe3 b4 21. Nb1 Ng8 22. Bh5 Qe7 23. Nd2 Rad8 24. Bf3 Ne5 25. Bxe5 dxe5 26. Be2 Rd4 27. c3 bxc3 28. bxc3 Ra4 29. Bc4 Rd8 30. Bb3 Ra5 31. Rf3 Qc7 32. h4 c4 33. Bxc4 Rc5 34. Bb3 a5 35. g4 Ba6 36. g5 Rd3 37. g6+ Kh8 38. Qe2 Rcxc3 39. Rxd3 Rxd3 40. Qe1 Qd8 41. Nb1 Rxd1 42. Qxd1 Qxd1+ 43. Bxd1 Bd3 44. Nc3 Ne7 45. Kg2 Nc6 46. Kf2 Kg8 47. Ke3 Bc4 48. Kd2 Kf8 49. a3 Ke7 50. Na4 Kd6 51. Kc3 Bg8 52. Nb2 Kc5 53. Nd3+ Kd6 54. Nf2 Nd4 55. a4 Ba2 56. Nh1 Bb1 57. Ng3 Kc5 58. Kb2 Bd3 59. Kc3 Bb1 60. Kb2 Bd3 61. Kc3 Bc4 62. Nh5 Be2 63. Bxe2 Nxe2+ 64. Kd2 Nd4 65. Nxg7 Kb4 66. Ne8 Kxa4 67. g7 Nb3+ 68. Kc3 Nc5 69. Nd6 Ka3 70. g8Q a4 71. Qc4 Nxe4+ 72. Nxe4 h5 73. Qb4+ 1-0

[Event "Nis City-ch"]
[Site "Nis"]
[Date "2010.05.25"]
[Round "1"]
[White "Milovanovic, Srboljub"]
[Black "Stojadinovic, Tomislav"]
[Result "1-0"]
[WhiteElo "2223"]
[BlackElo "1938"]
[PlyCount "57"]
[EventDate "2010.05.25"]
[EventType "swiss"]
[EventRounds "9"]
[EventCountry "YUG"]
[SourceTitle "CBM 136 Extra"]
[Source "ChessBase"]
[SourceDate "2010.07.02"]
[SourceVersion "2"]
[SourceVersionDate "2010.07.15"]
[SourceQuality "1"]

1. d4 Nf6 2. c4 g6 3. Nc3 d5 4. cxd5 Nxd5 5. Na4 Bg7 6. e4 Nb6 7. Be3 0-0 8. Bb5 c6 9. Be2 N8d7 10. h4 Nxa4 11. Qxa4 c5 12. dxc5 Bxb2 13. Rd1 Bc3+ 14. Kf1 Qa5 15. Qc2 Nf6 16. Rd3 Be5 17. Nf3 Bb8 18. Nd2 Be6 19. a3 Ng4 20. Bxg4 Bxg4 21. h5 Be5 22. hxg6 hxg6 23. Nc4 Qa6 24. Nxe5 Rfd8 25. Kg1 Be6 26. Bd4 f6 27. Nxg6 Bc4 28. Rg3 Rxd4 29. Ne5+ 1-0

[Event "Bad Zwesten op 9th"]
[Site "Bad Zwesten"]
[Date "2005.01.06"]
[Round "7"]
[White "Stojadinovic, Tomislav"]
[Black "Naujocks, Christian"]
[Result "1-0"]
[WhiteElo "1971"]
[BlackElo "1530"]
[PlyCount "65"]
[EventDate "2005.01.02"]
[EventType "swiss"]
[EventRounds "9"]
[EventCountry "GER"]
[SourceTitle "CBM 104 Extra"]
[Source "ChessBase"]
[SourceDate "2005.03.01"]
[SourceVersion "1"]
[SourceVersionDate "2005.03.01"]
[SourceQuality "1"]

1. e4 c5 2. Nf3 d6 3. Nc3 Nf6 4. d4 cxd4 5. Nxd4 a6 6. Bg5 e6 7. f4 Nbd7 8. Bd3 Be7 9. Qf3 Qc7 10. 0-0-0 0-0 11. Rhe1 h6 12. Bh4 b5 13. Kb1 b4 14. Nce2 Bb7 15. Qh3 Rfe8 16. Nc1 Rac8 17. e5 dxe5 18. fxe5 Nd5 19. Nxe6 Qb6 20. Nxg7 Bxh4 21. Qxh4 Kxg7 22. Qg4+ Kf8 23. Qxd7 Re6 24. Rf1 Re7 25. Qf5 Ke8 26. Qh7 Kd8 27. Bf5 Rc5 28. Nb3 Rc4 29. Be4 Qb5 30. Bxd5 Bxd5 31. Rxf7 Rcc7 32. Rxe7 Rxe7 33. Qg8+ 1-0

[Event "Bad Zwesten op 9th"]
[Site "Bad Zwesten"]
[Date "2005.01.05"]
[Round "6"]
[White "Ma, Beini"]
[Black "Stojadinovic, Tomislav"]
[Result "1-0"]
[WhiteElo "1550"]
[BlackElo "1971"]
[PlyCount "95"]
[EventDate "2005.01.02"]
[EventType "swiss"]
[EventRounds "9"]
[EventCountry "GER"]
[SourceTitle "CBM 104 Extra"]
[Source "ChessBase"]
[SourceDate "2005.03.01"]
[SourceVersion "1"]
[SourceVersionDate "2005.03.01"]
[SourceQuality "1"]

1. e4 e6 2. d4 d5 3. Nc3 Nf6 4. Bg5 Bb4 5. a3 Bxc3+ 6. bxc3 dxe4 7. f3 h6 8. Bxf6 Qxf6 9. fxe4 Qh4+ 10. Kd2 Qf4+ 11. Kd3 c5 12. Qf3 Qc7 13. Qg3 c4+ 14. Ke3 Qxg3+ 15. hxg3 b5 16. a4 Bd7 17. axb5 Bxb5 18. Rh5 g5 19. Nf3 f6 20. Nd2 Ke7 21. Bxc4 Bxc4 22. Nxc4 Nd7 23. Rhh1 Rac8 24. Kd3 Rc7 25. Ra3 h5 26. Rh3 h4 27. g4 Rhc8 28. Nd2 Kf7 29. Nf1 Nb6 30. Nd2 Kg6 31. Rh1 Rh8 32. Rb3 Rhh7 33. c4 Rhd7 34. Rb5 Rd8 35. c5 Nd7 36. Ke3 e5 37. c3 Rb8 38. Rhb1 Rxb5 39. Rxb5 Kf7 40. Nb3 Ke8 41. d5 a6 42. Ra5 Rb7 43. Ra3 Nb8 44. c6 Rc7 45. Na5 Ke7 46. c4 Kd6 47. Nb7+ Rxb7 48. cxb7 1-0